ՀՀ Գիտությունների ազգային ակադեմիայի հիմնարար գիտական գրադարան  =   Fundamental Scientific Library of NAS RA

Цандрипш : (Record no. 518635)

MARC details
000 -LEADER
fixed length control field 01132nam a2200241 a 4500
003 - CONTROL NUMBER IDENTIFIER
control field AM-YEHGA
001 - CONTROL NUMBER
control field 1690402
005 - DATE AND TIME OF LATEST TRANSACTION
control field 20250617164132.0
008 - FIXED-LENGTH DATA ELEMENTS--GENERAL INFORMATION
fixed length control field 200206s1985 ru a||||r|||||000|0|rus||
040 ## - CATALOGING SOURCE
Original cataloging agency AM-YeHGA
041 0# - LANGUAGE CODE
Language code of text/sound track or separate title rus
090 ## - LOCALLY ASSIGNED LC-TYPE CALL NUMBER (OCLC); LOCAL CALL NUMBER (RLIN)
-- 522193
100 1# - MAIN ENTRY--PERSONAL NAME
Personal name Хрушкова, Людмила Георгиевна
245 10 - TITLE STATEMENT
Title Цандрипш :
Remainder of title Материалы по раннехристианскому строительству в Абхазии /
Statement of responsibility, etc. Л.Г. Хрушкова ; Ред. Н. Чубинашвили ; Абхаз. ин-т яз., лит. и истории им. Д.И. Гулиа АН ГССР.
260 ## - PUBLICATION, DISTRIBUTION, ETC.
Place of publication, distribution, etc. Сухуми :
Name of publisher, distributor, etc. Алашара,
Date of publication, distribution, etc. 1985.
300 ## - PHYSICAL DESCRIPTION
Extent 129, 15 с. :
Other physical details ил. ;
Dimensions 16 см.
650 14 - SUBJECT ADDED ENTRY--TOPICAL TERM
Topical term or geographic name entry element Архитектура
650 14 - SUBJECT ADDED ENTRY--TOPICAL TERM
Topical term or geographic name entry element Культовые здания и сооружения
653 0# - INDEX TERM--UNCONTROLLED
Uncontrolled term Храмовая архитектура абхазская
700 1# - ADDED ENTRY--PERSONAL NAME
Personal name Чубинашвили, Н.
Relator term ред.
Relationship edt
710 2# - ADDED ENTRY--CORPORATE NAME
Corporate name or jurisdiction name as entry element Абхазский институт языка, литературы и истории им. Д.И. Гулиа АН ГССР
942 ## - ADDED ENTRY ELEMENTS (KOHA)
Source of classification or shelving scheme Universal Decimal Classification
Koha item type Գրքեր / Books
Holdings
Withdrawn status Lost status Source of classification or shelving scheme Damaged status Not for loan Collection Home library Current library Date acquired Total checkouts Full call number Barcode Date last seen Price effective from Koha item type Public note
    Universal Decimal Classification     General Fundamental Scientific Library Fundamental Scientific Library 20/10/2021   PI/64603 FL0662325 20/10/2021 20/10/2021 Գրքեր / Books 30 Days Loan


ՀՀ ԳԱԱ հիմնարար գիտական գրադարան
ՀՀ,Երևան 0019
Մարշալ Բաղրամյան 24/6
հեռախոս:(374-10) 52-47-50
Հետադարձ կապ

All site content, except where otherwise noted, is licensed under a
Creative Commons License